LEADER 01322nam a2200253 i 4500 001 000000186051 003 CaOOAMICUS 005 20100219000000.0 008 100219s1929 it u000 u ita u 013 $a164097 040 $aSeMil$bita 100 1 $aBattistini, Mario.$0(OLS)http://semarc/name/30584 245 13$aIl discorso sopra la cura e diligenza che debbono avere i padri e le madri verso i loro figliuoli del P. Andrea da Volterra, teologo agostiniano /$cProf. Mario Battistini. 246 04$iTitolo in copertina:$aDell'educazione dei figliuoli 260 $aFirenze :$bLibreria Editrice Fiorentina,$c1929. 300 $aVIII, 69 p. ;$c20 cm. 490 0 $aBiblioteca Agostiniana ;$v5 650 4$aBambini - Educazione.$0(OLS)http://semarc/subject/12292 830 0$aBiblioteca Agostiniana ;$v5.$0(OLS)http://semarc/title/30752 850 $aSeMil 852 $aSeMil$W1$xVenegono$y1$m2T I 167$j136738$B136738$CSeMilBibl$Z2$F148297 $81 996 $6245$aIl discorso sopra la cura e diligenza che debbono avere i padri e le madri verso i loro figliuoli del P. Andrea da Volterra, teologo agostiniano$9(OLS)http://semarc/title/267412 996 $6246$aDell'educazione dei figliuoli$9(OLS)http://semarc/title/267413 996 $6260$aFirenze :$bLibreria Editrice Fiorentina$9(OLS)http://semarc/publisher/30629 LEADER 01178nam a2200289 i 4500 001 000000103617 003 CaOOAMICUS 005 20011010000000.0 008 011010s1992 it u000 u ita u 013 $a75790 020 $a88-215-2528-7 040 $aSeMil$bita 245 10$aDizionario di scienze storiche /$ca cura di André Burguière. 260 $aAlba :$bPaoline,$c1992. 300 $aXXIX, 873 p. ;$c22 cm. 490 0 $aI dizionari EP 500 $aTitolo originale : Dictionnaire des sciences historiques. 650 4$aStoria - Enciclopedie e dizionari.$0(OLS)http://semarc/subject/141 700 1 $aPierini, Franco,$d<1931- >.$0(OLS)http://semarc/name/1106 700 1 $aBurguière, André.$0(OLS)http://semarc/name/44074 830 2$aI dizionari EP.$0(OLS)http://semarc/title/6405 850 $aSeMil 852 $aSeMil$W1$xVenegono$y1$mSL1.H IV 16$j60078$B60078$CSeMilBibl$Z2$F44558 $8I 961 $aOmaggio: Rimoldi mons. Antonio 996 $6020$a88-215-2528-7$9(OLS)http://semarc/number/83485 996 $6245$aDizionario di scienze storiche$9(OLS)http://semarc/title/150428 996 $6260$aAlba :$bPaoline$9(OLS)http://semarc/publisher/29692